Normal view
MARC view
- MS-EM-4
Entry Topical Term
001 - CONTROL NUMBER
- control field: 91321
003 - CONTROL NUMBER IDENTIFIER
- control field: NUST
005 - DATE AND TIME OF LATEST TRANSACTION
- control field: 20220509110212.0
008 - FIXED-LENGTH DATA ELEMENTS
- fixed length control field: 220509|| aca||aabn | a|a d
040 ## - CATALOGING SOURCE
- Original cataloging agency: NUST
- Transcribing agency: NUST
150 ## - HEADING--TOPICAL TERM
- Topical term or geographic name entry element: MS-EM-4
670 ## - SOURCE DATA FOUND
- Source citation: Work cat.: (NUST): M Haroon Mukhtar 91319, TH-SOF-0864-Identification And Analysis Of Shortcomings In Project Planning And Communication In Telecom Sector Of Pakistan To Develop Remedial Measures As A Framework, 2013.
